000 00652cam a2200241ua 4500
005 20201209134553.0
008 190730n ii |||gr||||Z||||||asm
020 _a9789387956650
040 _cMAIN
_aIN-DiNC
041 _dasm
082 _a491.451
_bYOG
245 _aYogayogmulak Asamiya /
_cEd. by Arabinda Rajkhowa
250 _a1st ed.
260 _aDibrugarh:
_bBanalata,
_c2019.
300 _a104p.
650 _aAssamese language
650 _aCommunicative Assamese
653 _aSocial interaction
653 _aCommunicative Assamese
653 _aTechnical communication
700 _aRajkhowa, Arabinda
_eEditor
942 _cBK
_2ddc
999 _c9920
_d9920